000 00530nam a2200157 4500
999 _c1337
_d1337
008 200122b ||||| |||| 00| 0 eng d
082 0 0 _a623.87
_b M8891
100 _9932
_aMorton, Thomas D.
245 1 0 _aReed's Motor engineering knowledge for marine engineers
_cby Thomas D. Morton and Embleton, William
260 _aSunderland
_bThomas Reed Publication
_c1975
300 _a212 p.
490 0 _aReed's Practical Mathematic Series
_vvol. 12
650 0 _aMarine Engineering
700 _9934
_aEmbleton, William
942 _2ddc
_cBK